Größte Länder nach Wasserfläche - Statistiken

Allgemein
  • Dieses Quiz wurde 110 mal gespielt
  • Das Durchschnittsergebnis liegt bei 11 aus 20
Antwortstatistiken
Fläche in km2 Land % Korrekt
891.000 Kanada
95%
721.000 Russland
95%
665.000 Vereinigte Staaten von Amerika
92%
27.000 China
88%
55.000 Brasilien
84%
59.000 Australien
77%
314.000 Indien
73%
40.000 Schweden
73%
44.000 Argentinien
71%
30.000 Mexiko
66%
34.000 Finnland
65%
93.000 Indonesien
57%
100.000 Kolumbien
34%
30.000 Venezuela
32%
117.000 Iran
31%
25.000 Pakistan
30%
62.000 Tansania
21%
44.000 Uganda
21%
104.000 Äthiopien
9%
78.000 Demokratische Republik Kongo
4%
Keine übereinstimmenden Quizze gefunden
Verteilung der Resultate
Anzahl Personen mit jedem Resultat
Perzentil nach korrekt beantworteten Fragen
Ihre Resultats-Entwicklung
Sie haben dieses Quiz noch nicht gespielt